FC 24 TOTY 12th Player and Honourable Mentions - Statistics

General Stats
  • This quiz has been taken 45 times
    37 since last reset
  • The average score is 14 of 25
Answer Stats
rat pos club player % Correct
TOTY Honourable Mentions 93 ST Bayern Munich Harry Kane
91%
Men's TOTY 12th Player 95 ST Al-Nassr Cristiano Ronaldo
88%
TOTY Honourable Mentions 92 RW Liverpool Mohamed Salah
85%
TOTY Honourable Mentions 93 CM Real Madrid Luka Modrić
82%
TOTY Honourable Mentions 92 ST Real Madrid Vinícius Júnior
79%
TOTY Honourable Mentions 90 GK Manchester City Ederson
76%
TOTY Honourable Mentions 90 CM Real Madrid Federico Valverde
71%
TOTY Honourable Mentions 91 CAM Bayern Munich Jamal Musiala
71%
TOTY Honour able Mentions 88 RB Liverpool Trent Alexander-Arnold
71%
TOTY Honourable Mentions 89 LW Napoli Khvicha Kvaratskhelia
68%
TOTY Honourable Mentions 91 CM Manchester City Bernardo Silva
65%
TOTY Honour able Mentions 88 CB Arsenal William Saliba
62%
Women's TOTY 12th Player 95 ST VfL Wolfsburg Women Alexandra Popp
59%
TOTY Honourable Mentions 90 CM Bayer Leverkusen Granit Xhaka
56%
TOTY Honourable Mentions 89 RB Sevilla Jesús Navas
53%
TOTY Honour able Mentions 88 CAM Borussia Dortmund Julian Brandt
53%
TOTY Honourable Mentions 89 CB Bayern Munich Kim Min-Jae
53%
TOTY Honourable Mentions 89 CB OGC Nice Dante
44%
TOTY Honour able Mentions 88 RW Real Sociedad Takefusa Kubo
44%
TOTY Honourable Mentions 92 RW OL Féminin Kadidiatou Diani
41%
TOTY Honour able Mentions 88 LB Arsenal Women Katie McCabe
26%
TOTY Honour able Mentions 88 LB Real Madrid Femenino Olga Carmona
26%
TOTY Honourable Mentions 90 CAM KC Current Debinha
24%
TOTY Honour able Mentions 87 CM Atlético Madrid Femenino Estefanía Banini
15%
TOTY Honour able Mentions 87 RM North Carolina Courage Kerolin Nicoli
9%
No matching quizzes found
Score Distribution
Percent of People with Each Score
Percentile by Number Answered
Your Score History
You have not taken this quiz since the last reset